Nanophysics and nanotechnology : (Record no. 29650)

000 -LEADER
fixed length control field 00688 a2200205 4500
020 ## - INTERNATIONAL STANDARD BOOK NUMBER
International Standard Book Number 3527406514
020 ## - INTERNATIONAL STANDARD BOOK NUMBER
International Standard Book Number 9783527406517
082 ## - DEWEY DECIMAL CLASSIFICATION NUMBER
Classification number 620.5
090 ## - LOCALLY ASSIGNED LC-TYPE CALL NUMBER (OCLC); LOCAL CALL NUMBER (RLIN)
-- 1032
-- 1032
100 1# - MAIN ENTRY--PERSONAL NAME
Personal name Wolf, Edward L.
245 10 - TITLE STATEMENT
Title Nanophysics and nanotechnology :
Remainder of title an introduction to modern concepts in nanoscience /
Statement of responsibility, etc. Edward L. Wolf.
250 ## - EDITION STATEMENT
Edition statement 2nd, Edition.
260 ## - PUBLICATION, DISTRIBUTION, ETC.
Place of publication, distribution, etc. [S.l.] :
Name of publisher, distributor, etc. Wiley-VCH,
Date of publication, distribution, etc. 2006.
300 ## - PHYSICAL DESCRIPTION
Extent 308 p. ;
Dimensions 25 cm.
490 1# - SERIES STATEMENT
Series statement Physics textbook.
700 ## - ADDED ENTRY--PERSONAL NAME
Personal name Wolf, Edward L.
830 #0 - SERIES ADDED ENTRY--UNIFORM TITLE
Uniform title Physics textbook.
942 ## - ADDED ENTRY ELEMENTS (KOHA)
Institution code [OBSOLETE] SNS
Koha item type Book
Call number prefix 620.5 WOL
Holdings
Withdrawn status Lost status Damaged status Not for loan Permanent Location Current Location Date acquired Total Checkouts Total Renewals Full call number Barcode Checked out Date last seen Date last checked out Price effective from Koha item type Source of classification or shelving scheme Shelving location
        School of Natural Sciences (SNS) School of Natural Sciences (SNS) 05/26/2016 2 1 620.5 WOL SNS0001215 03/18/2021 11/18/2020 11/18/2020 05/26/2016 Book    
        School of Natural Sciences (SNS) School of Natural Sciences (SNS) 03/03/2021 4 3 620.5 WOL 2004 SNS0002092 02/20/2026 01/21/2026 01/21/2026 03/03/2021 Book   General Stacks
© 2023 Central Library, National University of Sciences and Technology. All Rights Reserved.